<?xml version="1.0" encoding="UTF-8"?>
<collection xmlns="http://www.loc.gov/MARC21/slim">
 <record>
  <leader>01190pam a22002418a 4500</leader>
  <controlfield tag="001">00020270</controlfield>
  <controlfield tag="005">20171026081025.0</controlfield>
  <controlfield tag="008">110516s2008                  ||||||Viesd</controlfield>
  <datafield tag="041" ind1="0" ind2="#">
   <subfield code="a">Vie</subfield>
  </datafield>
  <datafield tag="082" ind1="1" ind2="4">
   <subfield code="a">895.922 34</subfield>
   <subfield code="b">A107TR</subfield>
  </datafield>
  <datafield tag="100" ind1="0" ind2="#">
   <subfield code="a">Phạm Thị Toán</subfield>
  </datafield>
  <datafield tag="245" ind1="0" ind2="0">
   <subfield code="a">Ánh trăng</subfield>
   <subfield code="b">Tập truyện và ký</subfield>
   <subfield code="c">Phạm Thị Toán</subfield>
  </datafield>
  <datafield tag="260" ind1="#" ind2="#">
   <subfield code="a">Tp.HCM</subfield>
   <subfield code="b">Văn nghệ</subfield>
   <subfield code="c">2008</subfield>
  </datafield>
  <datafield tag="300" ind1="#" ind2="#">
   <subfield code="a">148 tr.</subfield>
   <subfield code="c">19 cm.</subfield>
  </datafield>
  <datafield tag="650" ind1="#" ind2="4">
   <subfield code="a">Ký</subfield>
  </datafield>
  <datafield tag="650" ind1="#" ind2="4">
   <subfield code="a">Truyện</subfield>
  </datafield>
  <datafield tag="653" ind1="#" ind2="#">
   <subfield code="a">Việt Nam</subfield>
  </datafield>
  <datafield tag="653" ind1="#" ind2="#">
   <subfield code="a">Văn học hiện đại</subfield>
  </datafield>
  <datafield tag="852" ind1="#" ind2="#">
   <subfield code="b">Kho mượn</subfield>
   <subfield code="j">KM.0007915, KM.0007916, KM.0007917, KM.0007918, KM.0007919, KM.0007920, KM.0007921, KM.0007922, KM.0007923, KM.0007924, KM.0007925, KM.0007926, KM.0007927, KM.0007928, KM.0007929, KM.0007930, KM.0007931, KM.0007932, KM.0009059</subfield>
  </datafield>
  <datafield tag="852" ind1="#" ind2="#">
   <subfield code="b">Kho đọc</subfield>
   <subfield code="j">KD.0005695</subfield>
  </datafield>
  <datafield tag="852" ind1="#" ind2="#">
   <subfield code="j">KM.0007916</subfield>
   <subfield code="j">KM.0007917</subfield>
   <subfield code="j">KM.0007918</subfield>
   <subfield code="j">KM.0007919</subfield>
   <subfield code="j">KM.0007921</subfield>
   <subfield code="j">KM.0007922</subfield>
   <subfield code="j">KM.0007924</subfield>
   <subfield code="j">KM.0007925</subfield>
   <subfield code="j">KM.0007927</subfield>
   <subfield code="j">KM.0007928</subfield>
   <subfield code="j">KM.0007930</subfield>
   <subfield code="j">KM.0007931</subfield>
   <subfield code="j">KM.0009059</subfield>
   <subfield code="j">KD.0005695</subfield>
   <subfield code="j">KM.0007915</subfield>
   <subfield code="j">KM.0007920</subfield>
   <subfield code="j">KM.0007923</subfield>
   <subfield code="j">KM.0007926</subfield>
   <subfield code="j">KM.0007929</subfield>
   <subfield code="j">KM.0007932</subfield>
  </datafield>
  <datafield tag="910" ind1="0" ind2="#">
   <subfield code="a">nhnam</subfield>
   <subfield code="d">16/05/2011</subfield>
  </datafield>
  <datafield tag="980" ind1="#" ind2="#">
   <subfield code="a">Trung tâm Học liệu Lê Vũ Hùng, Trường Đại học Đồng Tháp</subfield>
  </datafield>
 </record>
</collection>
